| 000 | 00593nam a22001937a 4500 | ||
|---|---|---|---|
| 005 | 20230918104134.0 | ||
| 010 | _aUR-12264 | ||
| 020 | _c100.00 | ||
| 035 | _aU-10819 | ||
| 037 |
_bDBAD/PUB _a- |
||
| 082 | _a270 | ||
| 100 |
_aاکبر شاہ خان _956762 |
||
| 245 |
_aمزہب اور تلوار / _cاکبر شاہ خان |
||
| 246 |
_aMazhab aur Talwar / _bby Akbar Shah Khan |
||
| 260 |
_aدیوبند _bشیخ الہند اکیڑمی _c2023 ء |
||
| 270 |
_aدار العلوم _bدیوبند |
||
| 300 |
_a112 ص _c21cm(pbk) |
||
| 942 |
_2ddc _cUR _h270 _mا ک ب |
||
| 999 |
_c198236 _d198236 |
||